Amor, curiosidad, prozac y dudas

Uloženo v:
Podrobná bibliografie
Hlavní autor: Etxebarria, Lucía (autora)
Médium: Kniha
Jazyk:španělština
Vydáno: Barcelona Plaza and Janés 2000
Vydání:6a. ed
Edice:Ave Fénix, 272
Témata:
Tagy: Přidat tag
Žádné tagy, Buďte první, kdo vytvoří štítek k tomuto záznamu!

MARC

LEADER 00000nam a2200000 a 4500
001 UCM9402
003 CL-VaPUC
008 030425e20000000SP |||||||||||||||||spa|d
082 0 4 |a 863  |b ETX  |2 21 
100 |a Etxebarria, Lucía  |e autora  |9 475905 
245 1 0 |a Amor, curiosidad, prozac y dudas 
250 |a 6a. ed 
300 |a 317 p 
942 |c BK 
945 |d 20030425 00:00:00  |a vberengu 
260 |a Barcelona  |b Plaza and Janés  |c 2000 
650 0 |a Novelas españolas  |9 265052 
650 0 |a Literatura española  |9 306261 
583 |a last modification  |c 20030425 00:00:00  |k Rodrigo Vera 
490 0 |a Ave Fénix, 272 
999 |c 303672  |d 303670 
952 |0 0  |1 0  |4 0  |6 863_000000000000000_ETX_2000  |7 0  |8 A  |9 365149  |a BIBEDU  |b BIBEDU  |c ES_NOD  |d 2019-11-21  |i 3881091  |l 3  |o 863 ETX 2000  |p 3881091  |r 2023-08-09  |s 2022-10-25  |w 2019-11-21  |y BK  |k LIT